Politika és szociológia. Méray rendszere és prognózisai.
Elmentve itt :
| Szerző: | |
|---|---|
| Adatforrás: | Philobibl |
| Forrásdokumentuma: | Huszadik Század 1906., XIII.kötet, 369-381.p. p. |
| Dokumentumtípus: | Cikk |
| Nyelv: | magyar |
| LEADER | 00326nab a2200097 c 4500 | ||
|---|---|---|---|
| 001 | bibDOK00022521 | ||
| 005 | 20200924121643.8 | ||
| 008 | 060518s1906 xx hun | ||
| 100 | 1 | |a Somló Bódog | |
| 245 | 1 | 0 | |a Politika és szociológia. Méray rendszere és prognózisai. |c Somló Bódog |
| 773 | 0 | |t Huszadik Század |g 1906., XIII.kötet, 369-381.p. p. | |